00427 a2200133 4500082001500000100004400015110004600059245004000105260005800145300002600203650001900229700002100248700002400269 a708bR532c aRichmond, Mariela y Velaszquez, Paulina aLa Camara Espacio de Accion Contemporanea aCanal CorporeobCatalogo de proceso aSan Jose, Costa RicabMunicipalidad de San Josec2013 a22 pbil (col)c21 cm aArtexCatalogo aMariela Richmond aPaulina Velaszquez